[Event "DEN-ch sf4"]
[Site "Svendborg"]
[Date "2024.03.29"]
[Round "5"]
[White "Jensen, Johannes Frank"]
[Black "Reiths, Henning"]
[Result "1-0"]
[WhiteElo "1694"]
[BlackElo "1825"]
[PlyCount "76"]
[EventDate "2024.03.29"]
[EventType "swiss"]
[EventRounds "7"]
[EventCountry "DEN"]
[SourceTitle "CB16_2024"]
[SourceDate "2024.04.17"]
[SourceVersion "1"]
[SourceVersionDate "2024.04.17"]
[SourceQuality "1"]

1. d4 f5 2. g3 Nf6 3. Bg2 g6 4. Nd2 d5 5. c4 e6 6. Ngf3 Bg7 7. b3 c6 8. Bb2 0-0 9. 0-0 Nbd7 10. Ne5 Ne4 11. Nxe4 fxe4 12. f3 Nxe5 13. dxe5 Qb6+ 14. Kh1 exf3 15. Rxf3 Bd7 16. Qd3 Qc7 17. Ba3 Rxf3 18. Qxf3 Qxe5 19. Rf1 Be8 20. Bh3 g5 21. Bg4 Bg6 22. Kg1 Re8 23. Bh5 g4 24. Bxg4 Qd4+ 25. e3 Qe4 26. Qe2 d4 27. Bf3 Qxe3+ 28. Qxe3 dxe3 29. Bc5 Bd3 30. Re1 b6 31. Bxe3 e5 32. Bxc6 Re7 33. Rd1 e4 34. Bd5+ Kf8 35. Rd2 Bc3 36. Rf2+ Kg7 37. Rf4 Be5 38. Rg4+ Kf6 1-0

[Event "Helsingor Xtracon op"]
[Site "Helsingor"]
[Date "2019.07.28"]
[Round "10"]
[White "Larsen, Mette Dalsgaard"]
[Black "Jensen, Johannes Frank"]
[Result "1/2-1/2"]
[WhiteElo "1637"]
[BlackElo "1347"]
[PlyCount "121"]
[EventDate "2019.07.20"]
[EventType "swiss"]
[EventRounds "10"]
[EventCountry "DEN"]
[SourceTitle "CBM 191 Extra"]
[Source "ChessBase"]
[SourceDate "2019.09.30"]
[SourceVersion "1"]
[SourceVersionDate "2019.09.30"]
[SourceQuality "1"]

1. d4 Nf6 2. c4 e5 3. dxe5 Ng4 4. Nf3 Nc6 5. e3 Bb4+ 6. Nbd2 Qe7 7. Be2 Ngxe5 8. Nxe5 Nxe5 9. 0-0 0-0 10. a3 Bxd2 11. Bxd2 d6 12. Bc3 Rd8 13. Qd4 c5 14. Qf4 Ng6 15. Qg3 Bd7 16. Rad1 Bc6 17. Rd2 d5 18. Bf3 dxc4 19. Bxc6 Rxd2 20. Bxd2 bxc6 21. Bc3 Rd8 22. h3 Rd6 23. Rc1 Kf8 24. Qg4 Kg8 25. Qxc4 h6 26. Qg4 Kh8 27. Qg3 Kg8 28. Ba5 Kh8 29. Bc3 Kg8 30. Qg4 Kh8 31. g3 Ne5 32. Bxe5 Qxe5 33. Qe2 Qf5 34. Rc2 Kg8 35. g4 Qd5 36. e4 Qd1+ 37. Qxd1 Rxd1+ 38. Kg2 Rb1 39. Kf3 g5 40. Ke2 Kf8 41. Kd3 Ke7 42. Rxc5 Rxb2 43. Rxc6 Rxf2 44. Rxh6 Rf3+ 45. Kd4 Rxa3 46. e5 a5 47. Ke4 a4 48. Kf5 Re3 49. Kxg5 Rxe5+ 50. Kf4 Ra5 51. Rb6 a3 52. Rb1 a2 53. Ra1 Kf6 54. h4 Ra4+ 55. Kg3 Kg6 56. Kf3 f5 57. gxf5+ Kxf5 58. Ke3 Kg4 59. Kd3 Kxh4 60. Kc3 Kh5 61. Kb3 1/2-1/2

[Event "Helsingor Xtracon op"]
[Site "Helsingor"]
[Date "2019.07.27"]
[Round "9"]
[White "Jensen, Johannes Frank"]
[Black "Nielsen, Leo Kresten Roland"]
[Result "0-1"]
[WhiteElo "1347"]
[BlackElo "1653"]
[PlyCount "80"]
[EventDate "2019.07.20"]
[EventType "swiss"]
[EventRounds "10"]
[EventCountry "DEN"]
[SourceTitle "CBM 191 Extra"]
[Source "ChessBase"]
[SourceDate "2019.09.30"]
[SourceVersion "1"]
[SourceVersionDate "2019.09.30"]
[SourceQuality "1"]

1. e4 e5 2. d4 exd4 3. c3 dxc3 4. Bc4 Qe7 5. Nxc3 c6 6. Nf3 b5 7. Bb3 h6 8. 0-0 a5 9. Qd3 a4 10. Bc2 Ba6 11. Ne2 b4 12. Qe3 Qc5 13. Nfd4 Bxe2 14. Nxe2 Qxc2 15. Nd4 Qc4 16. Bd2 Bc5 17. Rac1 Qxd4 18. Rxc5 Qxe3 19. Re5+ Ne7 20. fxe3 d6 21. Rh5 c5 22. e5 g6 23. Rh4 dxe5 24. Re4 Nbc6 25. a3 Rd8 26. Be1 Nd5 27. Bg3 f5 28. Bxe5 fxe4 29. Bxh8 Nxe3 30. Re1 Rd1 31. Rxd1 Nxd1 32. axb4 cxb4 33. Kf1 a3 34. b3 Nc3 35. Kf2 a2 36. h3 a1Q 37. Bxc3 bxc3 38. Ke3 Qe1+ 39. Kf4 c2 40. b4 c1B+ 0-1

[Event "Helsingor Xtracon op"]
[Site "Helsingor"]
[Date "2019.07.21"]
[Round "2"]
[White "Skjolingstad, Sverre"]
[Black "Jensen, Johannes Frank"]
[Result "1-0"]
[WhiteElo "1754"]
[BlackElo "1347"]
[PlyCount "101"]
[EventDate "2019.07.20"]
[EventType "swiss"]
[EventRounds "10"]
[EventCountry "DEN"]
[SourceTitle "CBM 191 Extra"]
[Source "ChessBase"]
[SourceDate "2019.09.30"]
[SourceVersion "1"]
[SourceVersionDate "2019.09.30"]
[SourceQuality "1"]

1. e4 e5 2. Nf3 Nc6 3. Nc3 Bc5 4. Nxe5 Nxe5 5. d4 Bb6 6. dxe5 d5 7. exd6 Qf6 8. f3 Bd7 9. dxc7 Bxc7 10. Be3 Qh4+ 11. Bf2 Qg5 12. Nd5 Ba5+ 13. c3 Ne7 14. Bc4 Rc8 15. Bb3 Nxd5 16. Qxd5 Qxd5 17. Bxd5 0-0 18. Bxa7 Bc6 19. Bxc6 Rxc6 20. Bd4 Rd8 21. Rd1 Rdd6 22. b4 Bb6 23. Bxb6 Rxd1+ 24. Kxd1 Rxb6 25. Kc2 Kf8 26. Rd1 Ke7 27. a4 Ra6 28. Kb3 Rg6 29. Rd2 Rh6 30. h3 Rd6 31. Rxd6 Kxd6 32. a5 Kc6 33. c4 f6 34. Kc3 h5 35. Kd4 h4 36. b5+ Kd6 37. c5+ Kd7 38. Kd5 g5 39. a6 bxa6 40. bxa6 Kc7 41. Ke6 Kb8 42. Kd7 Ka7 43. c6 Kxa6 44. c7 g4 45. c8Q+ Ka5 46. Qb7 Ka4 47. Qb2 gxf3 48. gxf3 f5 49. Kc6 fxe4 50. Kc5 exf3 51. Qb4# 1-0

[Event "Helsingor Xtracon op"]
[Site "Helsingor"]
[Date "2018.07.29"]
[Round "10"]
[White "Nielsen, Bjorn1111"]
[Black "Jensen, Johannes Frank"]
[Result "1-0"]
[WhiteElo "1261"]
[BlackElo "1354"]
[PlyCount "95"]
[EventDate "2018.07.21"]
[EventType "swiss"]
[EventRounds "10"]
[EventCountry "DEN"]
[SourceTitle "CBM 185 Extra"]
[Source "ChessBase"]
[SourceDate "2018.07.29"]
[SourceVersion "1"]
[SourceVersionDate "2018.07.29"]
[SourceQuality "1"]

1. d4 d5 2. Nf3 Bg4 3. Nbd2 Nf6 4. e3 a6 5. Be2 Nc6 6. 0-0 e6 7. b3 Bd6 8. a4 Nd7 9. Ba3 Nb4 10. Bxb4 Bxb4 11. Ne5 Bxe2 12. Qxe2 Bd6 13. Nxd7 Qxd7 14. f4 f6 15. Qh5+ g6 16. Qh3 0-0-0 17. Rfb1 Kb8 18. c4 dxc4 19. Nxc4 Bb4 20. Qf3 Bc3 21. Ra2 g5 22. fxg5 fxg5 23. Ne5 Qe7 24. Rc1 Rhf8 25. Qe2 Bb4 26. Rc6 Rf5 27. Rcc2 Rdf8 28. Rc1 Qf6 29. Nd7+ Kc8 30. Nxf6 R8xf6 31. Raa1 Rh6 32. Rf1 Rxf1+ 33. Rxf1 Bd6 34. h3 Kb8 35. Rf7 Ka7 36. e4 Bb4 37. Rxc7 Kb6 38. Rc4 Ba3 39. e5 Rg6 40. Qf2 Rg7 41. d5+ Ka5 42. d6 b6 43. Rc6 Bc5 44. Rxc5+ Kb4 45. Rc7 Rg8 46. Qxb6+ Ka3 47. d7 Rd8 48. Qxe6 1-0

[Event "Helsingor Xtracon op"]
[Site "Helsingor"]
[Date "2017.07.25"]
[Round "5"]
[White "Jensen, Johannes Frank"]
[Black "Gade, Jens"]
[Result "1-0"]
[WhiteElo "1170"]
[BlackElo "1523"]
[PlyCount "91"]
[EventDate "2017.07.22"]
[EventType "swiss"]
[EventRounds "10"]
[EventCountry "DEN"]
[SourceTitle "CBM 179 Extra"]
[Source "ChessBase"]
[SourceDate "2017.08.23"]
[SourceVersion "1"]
[SourceVersionDate "2017.08.23"]
[SourceQuality "1"]

1. d4 d5 2. Nc3 Nf6 3. Nf3 Bf5 4. Bg5 e6 5. e3 Be7 6. Bxf6 Bxf6 7. Be2 0-0 8. 0-0 Nd7 9. Qd2 c5 10. Bd3 Bxd3 11. cxd3 cxd4 12. exd4 Rc8 13. Ne2 Re8 14. h3 h6 15. Rac1 Nb6 16. Rxc8 Nxc8 17. Ne5 Qd6 18. Qe3 Nb6 19. Ng4 Bg5 20. f4 Be7 21. Qg3 Kh7 22. Ne5 Rf8 23. Nc3 Qb4 24. Nd1 Qxd4+ 25. Kh1 Qa4 26. a3 Nd7 27. Nf3 Rc8 28. Nc3 Qb3 29. Nd1 Qxd3 30. Ng5+ hxg5 31. Qxd3+ g6 32. Nc3 gxf4 33. Rxf4 Ne5 34. Qd4 f6 35. Rh4+ Kg7 36. Qd2 Rg8 37. Qh6+ Kf7 38. Qd2 Rg7 39. Qh6 a6 40. Qh8 Bf8 41. Rh7 Nd3 42. Kg1 Nxb2 43. Rxg7+ Bxg7 44. Qb8 Nc4 45. Qxb7+ Kg8 46. Qxa6 1-0

[Event "Helsingor Xtracon op"]
[Site "Helsingor"]
[Date "2017.07.22"]
[Round "1"]
[White "Jensen, Johannes Frank"]
[Black "Dittrich, Tom"]
[Result "0-1"]
[WhiteElo "1170"]
[BlackElo "1943"]
[PlyCount "76"]
[EventDate "2017.07.22"]
[EventType "swiss"]
[EventRounds "10"]
[EventCountry "DEN"]
[SourceTitle "CBM 179 Extra"]
[Source "ChessBase"]
[SourceDate "2017.08.23"]
[SourceVersion "1"]
[SourceVersionDate "2017.08.23"]
[SourceQuality "1"]

1. d4 Nf6 2. Nc3 d5 3. Nf3 g6 4. Bg5 Bg7 5. Bxf6 Bxf6 6. e3 0-0 7. Be2 c6 8. Qd2 Nd7 9. a3 e5 10. e4 exd4 11. Nxd4 Qb6 12. Nb3 dxe4 13. Na4 Qc7 14. c3 Re8 15. 0-0 Qe5 16. Qe3 Bg5 17. f4 exf3 18. Qxf3 Qe3+ 19. Kh1 Qxe2 20. Qxf7+ Kh8 21. h3 Rf8 22. Rfe1 Qxe1+ 23. Rxe1 Rxf7 24. Re8+ Rf8 25. Re1 b5 26. Nac5 Nxc5 27. Nxc5 Bf5 28. Na6 Rae8 29. Rd1 Re2 30. Nc5 Rfe8 31. Kg1 Be3+ 32. Kf1 Bxc5 33. g4 Rf2+ 34. Kg1 Ree2 35. Rd8+ Kg7 36. Rd1 Rg2+ 37. Kf1 Ref2+ 38. Ke1 Rg1# 0-1

[Event "DEN-ch G7-3"]
[Site "Skorping"]
[Date "2017.04.15"]
[Round "5"]
[White "Jensen, Johannes Frank"]
[Black "Christensen, John Christoffer H"]
[Result "0-1"]
[WhiteElo "1201"]
[BlackElo "1408"]
[PlyCount "70"]
[EventDate "2017.04.11"]
[EventType "swiss"]
[EventRounds "7"]
[EventCountry "DEN"]
[SourceTitle "EXT 2023"]
[Source "ChessBase"]
[SourceDate "2022.10.05"]
[SourceVersion "1"]
[SourceVersionDate "2022.10.05"]
[SourceQuality "1"]

1. d4 d5 2. Nc3 Nf6 3. Nf3 Bf5 4. Bg5 e6 5. e4 dxe4 6. Bxf6 Qxf6 7. Nd2 Bb4 8. Be2 Bxc3 9. bxc3 0-0 10. 0-0 Nd7 11. Rb1 Rab8 12. Bg4 Nb6 13. Bxf5 exf5 14. f3 e3 15. Nb3 Rfe8 16. Re1 Nd5 17. Qd3 Qg6 18. Nc5 Nf4 19. Qf1 e2 20. Rxe2 Rxe2 21. g3 Qh6 22. h4 Rg2+ 23. Qxg2 Nxg2 24. Kxg2 Qd2+ 25. Kh1 Qxc3 26. Nb3 Qxf3+ 27. Kg1 Qxg3+ 28. Kh1 Qxh4+ 29. Kg1 Qg4+ 30. Kh1 Qe4+ 31. Kg1 Qxc2 32. Ra1 Re8 33. Kh1 Re2 34. d5 Rh2+ 35. Kg1 Qg2# 0-1